Statistiques concernant Pays par première et dernière lettre #3

Cliquez ici pour prendre le quiz!

Statistiques générales

  • Ce quiz a été pris 78 fois
    (74 depuis la dernière actualisation)
  • Le résultat moyen est 10 sur 14

Statistiques - réponses

Première lettre Dernière Lettre Pays % Correct
JNJapon
95%
QRQatar
95%
GNGabon
92%
LSLaos
89%
HSHonduras
89%
PYParaguay
84%
HIHaïti
78%
ÉRÉquateur
73%
DIDjibouti
67%
CIChili
65%
BSBahamas
62%
LALiberia
60%
BABotswana
48%
ADAfrique du Sud
33%

Distribution des résultats

Percentile by Number Answered

% des personnes avec chaque résultat

Votre développement - résultats

Vous n’avez pas pris ce quiz depuis la dernière actualisation